[Event "SRB-chT 1st League"]
[Site "Kragujevac"]
[Date "2015.09.09"]
[Round "6.1"]
[White "Mladenovic, Stefan"]
[Black "Jevdjovic, Milorad"]
[Result "1-0"]
[WhiteElo "2326"]
[BlackElo "2290"]
[PlyCount "83"]
[EventDate "2015.09.05"]
[EventType "team-tourn"]
[EventRounds "11"]
[EventCountry "SRB"]
[SourceTitle "EXT 2016"]
[Source "ChessBase"]
[SourceDate "2015.10.08"]
[SourceVersion "1"]
[SourceVersionDate "2015.10.08"]
[SourceQuality "1"]
[WhiteTeam "Nis Svitanja"]
[BlackTeam "Lucani Mladost"]
[WhiteTeamCountry "SRB"]
[BlackTeamCountry "SRB"]

1. d4 Nf6 2. Nf3 g6 3. g3 Bg7 4. Bg2 0-0 5. 0-0 d6 6. a4 Nbd7 7. a5 c6 8. Re1 Qc7 9. e4 e5 10. c3 Re8 11. Nbd2 b5 12. axb6 Nxb6 13. dxe5 dxe5 14. Nb3 Nbd7 15. Nfd2 Nf8 16. Nc4 Rd8 17. Qc2 Be6 18. Bf1 N8d7 19. f3 Nb6 20. Nca5 Nfd7 21. Be3 f5 22. Bh3 Rf8 23. Red1 Kh8 24. Kh1 Bxb3 25. Nxb3 fxe4 26. fxe4 Rf7 27. Ra6 Nc4 28. Bg1 Nb8 29. Raa1 Nb6 30. Ra5 Bh6 31. Qe2 Bf8 32. Rxe5 N8d7 33. Ra5 Bg7 34. Rda1 Ne5 35. Ra6 Nc8 36. Nd4 Qd6 37. Ne6 Bf6 38. Rd1 Qb8 39. Bd4 h6 40. Ra5 Nb6 41. Bxe5 Bxe5 42. Rd8+ 1-0

[Event "SRB-chT 1st League"]
[Site "Kragujevac"]
[Date "2015.09.07"]
[Round "4.1"]
[White "Nestorovic, Dejan"]
[Black "Jevdjovic, Milorad"]
[Result "1-0"]
[WhiteElo "2402"]
[BlackElo "2290"]
[PlyCount "82"]
[EventDate "2015.09.05"]
[EventType "team-tourn"]
[EventRounds "11"]
[EventCountry "SRB"]
[SourceTitle "EXT 2016"]
[Source "ChessBase"]
[SourceDate "2015.10.08"]
[SourceVersion "1"]
[SourceVersionDate "2015.10.08"]
[SourceQuality "1"]
[WhiteTeam "Petrovac Sloga"]
[BlackTeam "Lucani Mladost"]
[WhiteTeamCountry "SRB"]
[BlackTeamCountry "SRB"]

1. d4 Nf6 2. c4 g6 3. Nc3 Bg7 4. e4 d6 5. Be2 0-0 6. Bg5 h6 7. Be3 Nbd7 8. Qd2 Kh7 9. f3 e5 10. d5 Nh5 11. 0-0-0 a6 12. Kb1 b5 13. cxb5 axb5 14. Bxb5 Ba6 15. Rc1 Qc8 16. Nge2 Rb8 17. a4 Rd8 18. Qd3 Ra8 19. Qc4 Nf4 20. Nxf4 exf4 21. Bxf4 Nb6 22. Qb3 Nd7 23. Be3 Rb8 24. Rhd1 Qb7 25. Rd2 Nc5 26. Qc4 Bxb5 27. axb5 Qa7 28. Bd4 Nb3 29. Qxb3 Bxd4 30. Re2 Ra8 31. Qc4 Rdb8 32. Kc2 Rb7 33. Kd3 Be5 34. g3 Rab8 35. Rb1 Qa5 36. f4 Bg7 37. e5 dxe5 38. fxe5 h5 39. Kc2 Re8 40. Rbe1 Qa8 41. Qf4 Rf8 1-0

[Event "SRB-chT 1st League"]
[Site "Kragujevac"]
[Date "2015.09.05"]
[Round "1.1"]
[White "Jevdjovic, Milorad"]
[Black "Ostojic, Nikola"]
[Result "0-1"]
[WhiteElo "2290"]
[BlackElo "2420"]
[PlyCount "58"]
[EventDate "2015.09.05"]
[EventType "team-tourn"]
[EventRounds "11"]
[EventCountry "SRB"]
[SourceTitle "EXT 2016"]
[Source "ChessBase"]
[SourceDate "2015.10.08"]
[SourceVersion "1"]
[SourceVersionDate "2015.10.08"]
[SourceQuality "1"]
[WhiteTeam "Lucani Mladost"]
[BlackTeam "Valjevo 2005"]
[WhiteTeamCountry "SRB"]
[BlackTeamCountry "SRB"]

1. e4 c5 2. Nf3 Nc6 3. g3 e5 4. Bg2 g6 5. 0-0 Bg7 6. d3 Nge7 7. Be3 d6 8. Qc1 0-0 9. Bh6 Nd4 10. Nxd4 cxd4 11. Bxg7 Kxg7 12. Nd2 Be6 13. Nf3 Rc8 14. Qd2 Nc6 15. Ng5 Bd7 16. f4 f6 17. Nf3 Qb6 18. Kh1 Qxb2 19. Rab1 Qxa2 20. Rxb7 Rfd8 21. Rfb1 a5 22. R7b2 Qa4 23. c3 dxc3 24. Qxc3 Nb4 25. Qb3 Qxb3 26. Rxb3 Ba4 27. Ra3 Bc2 28. Rb2 Nxd3 29. Rxa5 Nxb2 0-1